Stavebný obraz mesta

Bibliographic Details
Main Authors: Čelková, Ľudmila, 1944- (Author), Hlavaj, Jozef, 1885-1970 (Author)
Format: Article
Language:Slovak
ISSN:1210-1982
Subjects:

MARC

LEADER 00000nab a2200000 a 4500
001 vtls000557159
003 SK-MaSNL
005 20260426055539.0
008 150501c1995 xo 0 slo
015 |a SNBRB19rr/mm-uuuuu 
035 |a CL0557297 
040 |a SNKBUCL  |b slo  |c SNKBUCL  |e AACR2 
041 0 |a slo 
044 |a xo  |c SK 
080 |a 72(437.6):69  |2 1981 
080 |a 711.434(437.6)  |2 1981 
080 |a 908.437.652  |2 1981 
100 1 |a Čelková, Ľudmila,  |d 1944-  |4 aut  |9 97615 
245 1 0 |a Stavebný obraz mesta  |c Lýdia Čelková 
650 0 7 |a staviteľstvo  |2 snkbucl  |9 724 
651 7 |a 5306  |2 snkbucl  |9 893716 
651 7 |a Martin (Slovensko)  |2 snkbucl  |9 16875 
655 7 |a články z novín a časopisov  |2 snkbucl  |9 267496 
700 1 |a Hlavaj, Jozef,  |d 1885-1970  |4 aut  |9 38082 
773 0 |t Knižná revue  |g Roč. 5, č. 10 (1995), s. 5  |x 1210-1982 
787 0 8 |i Rec.:  |a Hlavaj, Jozef  |t Martin (Stavebný obraz mesta)  |d Bratislava : Spolok architektov Slovenska, 1994 
850 |a Slovenská národná knižnica v Martine  |a MTA001 
852 |a SNK  |b KIS3GCP 
958 |a RK 
958 |a SK 
992 |a RBX 
999 |c 2186366  |d 2188296